000 00616nam a2200193Ii 4500
003 JO-AjNU
008 230605s9999||||xx |||||||||||||| ||und||
040 _aJO-AjNU
_bara
_erda
_cJO-AjNU
041 _aara
050 1 4 _aBP130.4.M8 1976
100 3 _aالعفيفي، محمد,
_eauthor
_910568
245 0 0 _aالقران دعوة الحق: مقدمة في علم التفصيل القرآني
264 3 1 _aد.م: د.ن، 1976
300 _a269ص
336 _atext
_btxt
_2rdacontent
337 _aunmediated
_bn
_2rdamedia
338 _avolume
_bnc
_2rdacarrier
650 4 _aقران كريم - تفسير
_910569
999 _aA1871
_c5439
_d5439